| 000 | 00550cam a2200181 a 4500 | ||
|---|---|---|---|
| 020 | _a9781422161982 (pbk.) | ||
| 040 | _cDLC | ||
| 082 | 0 | 0 | _a303 HAR 2011 A116 Or. |
| 100 | 1 | _aLi, Charlene. | |
| 245 | 1 | 0 |
_aGroundswell : _bwinning in a world transformed by social technologies / |
| 250 | _aExpanded and rev. ed. | ||
| 260 |
_aBoston, Mass. : _bHarvard Business Review Press, _cc2011. |
||
| 300 |
_axv, 332 p. : _bill. ; _c21 cm. |
||
| 650 | 0 | _aOnline social networks | |
| 650 | 0 | _aInformation society | |
| 700 | 1 | _aBernoff, Josh. | |
| 942 | _cAEDBB | ||
| 999 |
_c17508 _d17508 |
||